RAM SCION OF ISHVAKU (Record no. 8481)
[ view plain ]
| 000 -LEADER | |
|---|---|
| fixed length control field | 00741nam a22001697a 4500 |
| 020 ## - INTERNATIONAL STANDARD BOOK NUMBER | |
| ISBN | 9789385152146 |
| 082 ## - DEWEY DECIMAL CLASSIFICATION NUMBER | |
| Classification number | 823 |
| Item number | AMI/R |
| 100 ## - MAIN ENTRY--AUTHOR NAME | |
| Personal name | AMISH TRIPATI |
| 245 ## - TITLE STATEMENT | |
| Title | RAM SCION OF ISHVAKU |
| Remainder of title | BOOK -1 RAMCHANDRA SERIES |
| 246 ## - VARYING FORM OF TITLE | |
| Title proper/short title | RAM SCION OF ISHVAKU |
| Remainder of title | RAM SCION OF ISHVAKU |
| 260 ## - PUBLICATION, DISTRIBUTION, ETC. (IMPRINT) | |
| Place of publication | CHENNAI |
| Name of publisher | WESTLAND |
| Year of publication | 2015 |
| 300 ## - PHYSICAL DESCRIPTION | |
| Number of Pages | 154 |
| 490 ## - SERIES STATEMENT | |
| Series statement | RAM CHANDRA SERIES |
| 520 ## - SUMMARY, ETC. | |
| Summary, etc | The story begins with King Dashrath of Ayodhya being defeated in a war by Lankan trader Raavan, and the birth of his son Ram. It follows through Ram's childhood and tutelage, along with the politics surrounding his ascension to the throne, and ultimately his 14-year exile, accompanied by wife Sita and brother Lakshman. |
| 650 ## - SUBJECT ADDED ENTRY--TOPICAL TERM | |
| Topical Term | ABOUT RAM |
| 942 ## - ADDED ENTRY ELEMENTS (KOHA) | |
| Koha item type | Books |
| Withdrawn status | Lost status | Collection code | Home library | Current library | Shelving location | Date acquired | Source of acquisition | Cost, normal purchase price | Full call number | Accession Number | Koha item type |
|---|---|---|---|---|---|---|---|---|---|---|---|
| Fiction | Main Library | Main Library | SHELF-14A -ALPHABETICAL -A--ENGLISH NOVELS & FICTIONS | 28/11/2019 | PURCHASED | 399.00 | 823 AMI/R | 12127 | Books |